| 000 | 01198nam0a22002771 4500 | ||
|---|---|---|---|
| 001 | rc\86892 | ||
| 005 | 20260407095336.0 | ||
| 010 |
_a5-230-08309-3 _9150 |
||
| 035 | _a(NLR Aleph) 005354510 | ||
| 090 |
_a6832490 _c6832490 |
||
| 100 | _a20021216d1996 |||y0rusy50 ca | ||
| 101 | 0 | _arus | |
| 102 | _aRU | ||
| 105 | _ay ||||||||| | ||
| 200 | 1 |
_aПОЛИТОЛОГИЯ _eУчеб. пособие _f[Л.Е. Ананьина, А.Г. Аникевич, Р.В. Бобков и др. _gОтв. ред.: В.Ю. Ховес] _gГос. ком. Рос. Федерации по высш. образованию. Краснояр. гос. техн. ун-т |
|
| 210 |
_aКрасноярск _cКГТУ _d1996 |
||
| 215 |
_a178 с. _d20 |
||
| 320 | _aБиблиогр. в конце разделов | ||
| 701 | 1 |
_aАнаньина _bЛ.Е. _gЛюдмила Евгеньевна |
|
| 702 | 1 |
_aХовес _bВ.Ю. _gВладимир Юрьевич _4340 |
|
| 712 | 0 | 2 |
_aКрасноярский государственный технический университет _3RU\NLR\AUTH\889922695 _9341365 |
| 801 | 0 |
_aRU _bNLR _gpsbo |
|
| 801 | 1 |
_aRU _bELAR _2rusmarc |
|
| 852 |
_aNLR _j96-3/8235 |
||
| 942 | _cBOOK | ||
| 980 | _aNB | ||